[Event "XXX Festival A"]
[Site "Arco ITA"]
[Date "2008.10.24"]
[Round "7"]
[White "Astengo, Corrado"]
[Black "Arakhamia-Grant, Ketevan"]
[Result "1/2-1/2"]
[WhiteElo "2172"]
[BlackElo "2448"]
[PlyCount "98"]
[EventDate "2008.10.18"]

1. e4 c5 2. Nf3 e6 3. d3 Nc6 4. g3 d5 5. Nbd2 Nge7 6. h4 h5 7. Qe2 g6 8. c3 Bg7
9. Bg2 O-O 10. O-O b6 11. Rd1 Ba6 12. e5 Qc7 13. Re1 Nf5 14. Nf1 b5 15. Bf4 b4
16. Qd2 Rab8 17. Ne3 bxc3 18. bxc3 Nxe3 19. Qxe3 Ne7 20. Bh3 Qa5 21. d4 Rfc8
22. Bg5 cxd4 23. cxd4 Rc3 24. Qf4 Qa3 25. Kg2 Bd3 26. Bf6 Nf5 27. Rad1 Be4 28.
Rxe4 dxe4 29. Ng5 Rb2 30. Nxe4 Rcc2 31. Bxg7 Kxg7 32. Kg1 Qe7 33. d5 exd5 34.
Rxd5 Rb1+ 35. Kh2 Qb7 36. Bxf5 Qxd5 37. Bxg6 fxg6 38. Qf6+ Kg8 39. Qxg6+ Kf8
40. Qf6+ Ke8 41. Nd6+ Kd7 42. Qf5+ Kd8 43. Nf7+ Ke7 44. Qf6+ Ke8 45. Nd6+ Kd7
46. Qf5+ Kd8 47. Nf7+ Ke7 48. Qf6+ Kd7 49. Qf5+ Ke7 1/2-1/2

[Event "XXX Festival A"]
[Site "Arco ITA"]
[Date "2008.10.24"]
[Round "7"]
[White "Barlocco, Carlo"]
[Black "Karl, Hans"]
[Result "1/2-1/2"]
[WhiteElo "2144"]
[BlackElo "2240"]
[PlyCount "67"]
[EventDate "2008.10.18"]

1. Nf3 Nf6 2. e3 g6 3. b4 Bg7 4. Bb2 d6 5. d4 O-O 6. Be2 b6 7. O-O Bb7 8. c4
Nbd7 9. Nc3 e6 10. Qb3 Qe7 11. Rfd1 Rfd8 12. Rac1 c5 13. a4 Rab8 14. Rd2 Ne4
15. Nxe4 Bxe4 16. dxc5 dxc5 17. Bxg7 Kxg7 18. b5 Bxf3 19. Bxf3 Ne5 20. Qb2 Qf6
21. Be2 Rxd2 22. Qxd2 Rd8 23. Qc3 Rd6 24. a5 Nd7 25. axb6 axb6 26. Qxf6+ Kxf6
27. f4 e5 28. g3 e4 29. Rc2 Ke7 30. g4 h6 31. h4 f6 32. Kf2 g5 33. hxg5 hxg5
34. Rc1 1/2-1/2

[Event "XXX Festival A"]
[Site "Arco ITA"]
[Date "2008.10.24"]
[Round "7"]
[White "Battiston, Claudio"]
[Black "Morselli, Stefano"]
[Result "0-1"]
[WhiteElo "2027"]
[BlackElo "1901"]
[PlyCount "152"]
[EventDate "2008.10.18"]

1. e4 g6 2. d4 Bg7 3. Nc3 d6 4. f4 Nf6 5. Nf3 c5 6. dxc5 Qa5 7. Bd3 Qxc5 8. Qe2
Nc6 9. Be3 Qa5 10. O-O Ng4 11. Bd2 Nd4 12. Nxd4 Bxd4+ 13. Kh1 Qh5 14. Bb5+ Kf8
15. h3 a6 16. Bc4 b5 17. Bd5 Ra7 18. f5 gxf5 19. exf5 Bxf5 20. Rxf5 Qxf5 21.
hxg4 Qf6 22. g3 e6 23. Rf1 Qe5 24. Bxe6 Bxc3 25. Bh6+ Ke8 26. Qf2 Bd4 27. Bxf7+
Kd8 28. Qd2 Rxf7 29. Rxf7 Qd5+ 30. Kh2 Qxf7 31. Qxd4 Re8 32. Qxd6+ Qd7 33. Bg5+
Kc8 34. Qxa6+ Qb7 35. Qxb7+ Kxb7 36. Bf6 Re2+ 37. Kh3 Rxc2 38. a3 Kc6 39. Kh4
Kd6 40. g5 Ke6 41. g4 Kf7 42. Kg3 Kg6 43. Bd4 Kxg5 44. Be3+ Kg6 45. Bd4 Rc4 46.
Bc3 Kg5 47. Bd2+ Kf6 48. Bc3+ Ke6 49. Kf3 Kd5 50. Bh8 Re4 51. Bc3 Re8 52. Kf4
Re6 53. Kf5 Rg6 54. Bh8 Kc4 55. Bc3 Kd3 56. Bh8 Ke3 57. Be5 Kf3 58. g5 Rc6 59.
Bd4 Kg3 60. Bf6 Kh3 61. Be7 Rc2 62. Bf6 Rf2+ 63. Ke4 Kg4 64. Kd5 Kh5 65. Kc5
Rf5+ 66. Kb4 Kg6 67. Be7 Rd5 68. b3 Kf7 69. Bc5 Rxg5 70. Kxb5 h5 71. Kc4 Ke6
72. Be3 Rg4+ 73. Kd3 h4 74. Ke2 h3 75. Kf3 h2 76. Kxg4 h1=Q 0-1

[Event "XXX Festival A"]
[Site "Arco ITA"]
[Date "2008.10.24"]
[Round "7"]
[White "Bernardi, Ruben"]
[Black "Wohl, Aleksandar H."]
[Result "0-1"]
[WhiteElo "2154"]
[BlackElo "2362"]
[PlyCount "132"]
[EventDate "2008.10.18"]

1. e4 g6 2. f4 d5 3. e5 c5 4. Nf3 Nc6 5. c3 Bg4 6. Na3 f6 7. Bb5 Bg7 8. O-O Qb6
9. d4 cxd4 10. Qxd4 Bxf3 11. Qxb6 axb6 12. exf6 Nxf6 13. Rxf3 O-O 14. Be3 Ne4
15. Nc2 Nd6 16. Be2 b5 17. Bc5 Ne4 18. Ba3 d4 19. Bxb5 dxc3 20. Bxc6 bxc6 21.
bxc3 Bxc3 22. Rd1 Bf6 23. Re1 Ra4 24. Rfe3 Nd6 25. g3 Nc4 26. Re4 Nxa3 27. Rxa4
Nxc2 28. Rc1 Nd4 29. Kf2 Rb8 30. Ke3 Rb2 31. Rxd4 Bxd4+ 32. Kxd4 Rxa2 33. g4
Rxh2 34. g5 Rd2+ 35. Ke5 Rd6 36. Rc2 Kf7 37. Rh2 Re6+ 38. Kd4 Kg7 39. Rh1 Rd6+
40. Ke5 c5 41. Rc1 Rc6 42. Kd5 Rc7 43. Rc4 h5 44. gxh6+ Kxh6 45. Ke4 Kg7 46.
Ke5 Kf7 47. f5 g5 48. Rg4 c4 49. Rxg5 c3 50. Rg1 c2 51. Rc1 Rc8 52. Kf4 Kf6 53.
Ke4 Rc7 54. Kd3 Kxf5 55. Kd2 Ke4 56. Re1+ Kd4 57. Kc1 e5 58. Rh1 e4 59. Rh8 e3
60. Rd8+ Ke4 61. Rf8 Rc5 62. Re8+ Re5 63. Rc8 e2 64. Kd2 e1=Q+ 65. Kxe1 Kd3+
66. Kf2 Rd5 0-1

[Event "XXX Festival A"]
[Site "Arco ITA"]
[Date "2008.10.24"]
[Round "7"]
[White "Bertani, Gianfranco"]
[Black "Perich, Stefano"]
[Result "1-0"]
[WhiteElo "2106"]
[BlackElo "1960"]
[PlyCount "45"]
[EventDate "2008.10.18"]

1. Nf3 d5 2. b3 c5 3. Bb2 Nc6 4. e3 Nf6 5. Bb5 Bd7 6. Bxc6 Bxc6 7. Ne5 Qc7 8.
O-O e6 9. d3 Bd6 10. f4 b6 11. Nd2 Bb7 12. a4 a6 13. Ndf3 h6 14. Qe2 b5 15.
axb5 axb5 16. Rxa8+ Bxa8 17. g4 c4 18. Bd4 Bc5 19. g5 Bxd4 20. exd4 Nh5 21. Nh4
g6 22. Nexg6 fxg6 23. Nxg6 1-0

[Event "XXX Festival A"]
[Site "Arco ITA"]
[Date "2008.10.24"]
[Round "7"]
[White "Blasco, Domenico"]
[Black "Von Wantoch, Markus"]
[Result "0-1"]
[WhiteElo "2022"]
[BlackElo "1922"]
[PlyCount "109"]
[EventDate "2008.10.18"]

1. d4 Nf6 2. Nf3 e6 3. e3 b6 4. Bd3 Bb7 5. Nbd2 Be7 6. O-O O-O 7. Re1 c5 8. c3
d5 9. a3 Nbd7 10. b4 Ne4 11. Bb2 Qc7 12. Rc1 c4 13. Bb1 e5 14. Qc2 f5 15. Rcd1
Nxd2 16. Nxd2 Bd6 17. h3 e4 18. Kh1 Rf6 19. f4 Rh6 20. Nf1 Rf8 21. Bc1 Qd8 22.
Qf2 g5 23. fxg5 Qxg5 24. Bd2 Nf6 25. Bc2 Bc8 26. Ra1 Nh5 27. Bd1 Ng3+ 28. Nxg3
Bxg3 29. Qe2 Bxe1 30. Qxe1 Rf7 31. Qf2 Rg7 32. Be2 b5 33. a4 bxa4 34. Rxa4 Ra6
35. Rxa6 Bxa6 36. Bf1 Bc8 37. Kh2 Rg6 38. Be1 Qd8 39. Qf4 Qd6 40. Be2 Qxf4+ 41.
exf4 Ra6 42. Kg3 Kg7 43. Kf2 Bd7 44. g4 Ra1 45. Bd2 Ba4 46. gxf5 Bd1 47. Bg4
Kf6 48. Ke3 h5 49. Bxd1 Rxd1 50. Ke2 Rh1 51. b5 Rxh3 52. Kd1 Kxf5 53. Bc1 Rh1+
54. Kc2 Rxc1+ 55. Kxc1 0-1

[Event "XXX Festival A"]
[Site "Arco ITA"]
[Date "2008.10.24"]
[Round "7"]
[White "Bortolotti, Silvano"]
[Black "Zenatto, Giuliano"]
[Result "0-1"]
[WhiteElo "1826"]
[BlackElo "1762"]
[PlyCount "64"]
[EventDate "2008.10.18"]

1. e4 e5 2. Nf3 Nc6 3. d4 exd4 4. Bc4 f6 5. O-O Bc5 6. e5 d5 7. exd6 Bxd6 8. c3
Bg4 9. h3 Bh5 10. g4 Bg6 11. cxd4 Nge7 12. Nc3 Na5 13. Qa4+ Nac6 14. d5 a6 15.
dxc6 b5 16. Bxb5 axb5 17. Qxb5 O-O 18. Be3 Kh8 19. Nd4 Bf7 20. a3 Rb8 21. Qe2
Qc8 22. Ncb5 Bc5 23. f4 Bxd4 24. Nxd4 Nd5 25. Qd3 Re8 26. Bc1 Nb6 27. b3 Qd8
28. b4 Bc4 29. Qc3 Bxf1 30. Kxf1 Qd5 31. Kg1 Re4 32. Bb2 Na4 0-1

[Event "XXX Festival A"]
[Site "Arco ITA"]
[Date "2008.10.24"]
[Round "7"]
[White "Buck, Klaus-Michael"]
[Black "Virzi, Ettore"]
[Result "1/2-1/2"]
[WhiteElo "1804"]
[BlackElo "1950"]
[PlyCount "63"]
[EventDate "2008.10.18"]

1. b4 e5 2. a3 a5 3. b5 d5 4. Bb2 Bd6 5. e3 Nf6 6. h3 Nbd7 7. Nf3 Qe7 8. a4 O-O
9. Ba3 Nb6 10. Qc1 Bf5 11. d3 e4 12. Bxd6 Qxd6 13. Nd4 Bg6 14. Qa3 Qe5 15. Nd2
Rfe8 16. Be2 Qg5 17. O-O Bf5 18. Nxf5 Qxf5 19. Qc5 Qd7 20. Rfd1 exd3 21. cxd3
Qe7 22. Qxe7 Rxe7 23. d4 Ne8 24. Rdc1 Nd6 25. Rc5 f5 26. Bf3 Ne4 27. Bxe4 fxe4
28. Kf1 Rf7 29. Nb3 Raf8 30. Rc2 Nc4 31. Kg1 b6 32. Re2 1/2-1/2

[Event "XXX Festival A"]
[Site "Arco ITA"]
[Date "2008.10.24"]
[Round "7"]
[White "Buglisi, Massimo"]
[Black "Mombelli, Antonio"]
[Result "1/2-1/2"]
[WhiteElo "1969"]
[BlackElo "1850"]
[PlyCount "46"]
[EventDate "2008.10.18"]

1. d4 d5 2. c4 c6 3. Nc3 Nf6 4. cxd5 cxd5 5. Bf4 Nc6 6. e3 Bf5 7. Qb3 Bc8 8.
Bd3 e6 9. Nb5 e5 10. dxe5 Nh5 11. Qxd5 Bb4+ 12. Ke2 Nxf4+ 13. exf4 Qb6 14. Nf3
Be6 15. Qe4 Rd8 16. f5 Bd5 17. Qf4 Bxf3+ 18. gxf3 a6 19. Nd6+ Bxd6 20. exd6
Qxb2+ 21. Qd2 Nd4+ 22. Ke3 Qxd2+ 23. Kxd2 O-O 1/2-1/2

[Event "XXX Festival A"]
[Site "Arco ITA"]
[Date "2008.10.24"]
[Round "7"]
[White "Buratti, Marco"]
[Black "Coqueraut, Lodewyk"]
[Result "1-0"]
[WhiteElo "2017"]
[BlackElo "1869"]
[PlyCount "91"]
[EventDate "2008.10.18"]

1. e4 d6 2. d4 Nf6 3. Nc3 c6 4. g3 e5 5. dxe5 dxe5 6. Qxd8+ Kxd8 7. Bc4 Be6 8.
Bxe6 fxe6 9. Nf3 Bd6 10. b3 Ke7 11. Bb2 Nbd7 12. Ke2 Rhf8 13. Rad1 b5 14. Nd2
g5 15. h3 a5 16. a4 b4 17. Na2 Nb6 18. Nc1 Rac8 19. Nd3 Nfd7 20. Nf3 h6 21.
Ndxe5 Nxe5 22. Nxe5 Bxe5 23. Bxe5 Kf7 24. Rd6 Rfe8 25. Rhd1 Ke7 26. f4 Red8 27.
Rxd8 Rxd8 28. Bf6+ Kxf6 29. Rxd8 gxf4 30. gxf4 c5 31. Kf3 c4 32. Kg4 Ke7 33.
Rb8 Nd7 34. Rb7 cxb3 35. cxb3 Kd6 36. Rxd7+ Kxd7 37. Kh5 Kd6 38. Kxh6 Kc5 39.
f5 Kd4 40. fxe6 Kc3 41. e7 Kxb3 42. e8=Q Ka2 43. Qb5 b3 44. Qxa5 b2 45. Qd2 Ka3
46. Qxb2+ 1-0

[Event "XXX Festival A"]
[Site "Arco ITA"]
[Date "2008.10.24"]
[Round "7"]
[White "Caldara, Sisto"]
[Black "Castellano, Alfonso"]
[Result "1-0"]
[WhiteElo "1868"]
[BlackElo "1967"]
[PlyCount "35"]
[EventDate "2008.10.18"]

1. d4 Nf6 2. c4 g6 3. Nc3 Bg7 4. e4 d6 5. Be2 O-O 6. Bg5 Nbd7 7. f3 c6 8. Qd2
a6 9. Rb1 b5 10. b4 Qc7 11. Nh3 Rd8 12. Rc1 Qb8 13. e5 dxe5 14. dxe5 Qxe5 15.
Bf4 Qh5 16. Nf2 Ne8 17. g4 Qh4 18. Bg5 1-0

[Event "XXX Festival A"]
[Site "Arco ITA"]
[Date "2008.10.24"]
[Round "7"]
[White "Cardili, Mariano"]
[Black "Tomasi, Diego"]
[Result "1/2-1/2"]
[WhiteElo "2123"]
[BlackElo "2002"]
[PlyCount "108"]
[EventDate "2008.10.18"]

1. d4 d5 2. c4 c6 3. Nf3 dxc4 4. a4 b5 5. e3 e6 6. axb5 cxb5 7. b3 Bb4+ 8. Bd2
Bxd2+ 9. Nbxd2 a5 10. bxc4 b4 11. Bd3 Nf6 12. O-O O-O 13. Bc2 Bb7 14. Ne5 Nbd7
15. f4 Qc7 16. Nxd7 Qxd7 17. f5 Rfd8 18. Rf2 Qd6 19. Nb3 Qc7 20. Nc5 e5 21.
Nxb7 Qxb7 22. d5 Qb6 23. Qd3 Qd6 24. h3 Qc5 25. Ba4 Ra7 26. Rc2 Ne8 27. Bxe8
Rxe8 28. Qb3 Rea8 29. Ra4 Ra6 30. Kh1 Rf6 31. Rca2 Rfa6 32. Kh2 h5 33. e4 Qd4
34. Rc2 Rc8 35. Raa2 Rc5 36. Qa4 Ra8 37. f6 g6 38. Qd7 b3 39. Qb7 Rac8 40. Qxb3
Qxe4 41. Qg3 Qf4 42. Qxf4 exf4 43. Rd2 Rd8 44. Rd4 g5 45. h4 Kh7 46. hxg5 Kg6
47. Rxf4 Kxg5 48. g3 Rd6 49. Re2 Rxf6 50. Re5+ Kg6 51. Rxf6+ Kxf6 52. Rxh5 Rxc4
53. Rh6+ Ke7 54. Ra6 a4 1/2-1/2

[Event "XXX Festival A"]
[Site "Arco ITA"]
[Date "2008.10.24"]
[Round "7"]
[White "Cavatorta, Fosco"]
[Black "Schrott, Ernst"]
[Result "1/2-1/2"]
[WhiteElo "1923"]
[BlackElo "2072"]
[PlyCount "83"]
[EventDate "2008.10.18"]

1. Nf3 g6 2. e4 Bg7 3. g3 e5 4. Bg2 Ne7 5. c3 d5 6. O-O dxe4 7. Qa4+ Nbc6 8.
Qxe4 Bf5 9. Qh4 h6 10. Qa4 O-O 11. b4 a6 12. Na3 Nd5 13. Nc2 Nb6 14. Qb3 Bxc2
15. Qxc2 Nxb4 16. cxb4 e4 17. Rb1 exf3 18. Bxf3 c6 19. a4 Qf6 20. Bg2 Rfd8 21.
b5 axb5 22. Bb2 Qd6 23. Bxg7 Kxg7 24. axb5 Nd5 25. bxc6 bxc6 26. Rfc1 Rac8 27.
Bh3 Rc7 28. Qc5 Qxc5 29. Rxc5 Nf6 30. Bg2 Rxd2 31. Rxc6 Rxc6 32. Bxc6 Ng4 33.
Rf1 h5 34. h3 Ne5 35. Be4 f5 36. Bg2 Nd3 37. Bf3 Kf6 38. h4 Ne5 39. Kg2 Ng4 40.
Bxg4 fxg4 41. Ra1 Rd6 42. Ra5 1/2-1/2

[Event "XXX Festival A"]
[Site "Arco ITA"]
[Date "2008.10.24"]
[Round "7"]
[White "De Andres Gonalons, Fernando"]
[Black "Prelati, Maurizio"]
[Result "1-0"]
[WhiteElo "2092"]
[BlackElo "2135"]
[PlyCount "49"]
[EventDate "2008.10.18"]

1. d4 d5 2. c4 e6 3. Nc3 Nf6 4. Nf3 c5 5. e3 Nc6 6. a3 cxd4 7. exd4 Be7 8. c5
O-O 9. Bd3 Nd7 10. O-O a5 11. Rb1 Bf6 12. Bc2 b6 13. b4 bxc5 14. dxc5 axb4 15.
axb4 Nxb4 16. Rxb4 Ba6 17. Na4 Bxf1 18. Qxf1 Qc7 19. Qd3 g6 20. Be3 Rfc8 21. g3
Ra5 22. Qb3 Rb8 23. c6 Be7 24. Rxb8+ Nxb8 25. Bb6 1-0

[Event "XXX Festival A"]
[Site "Arco ITA"]
[Date "2008.10.24"]
[Round "7"]
[White "De Eccher, Stefano"]
[Black "Spornberger, Maximilian"]
[Result "1-0"]
[WhiteElo "2263"]
[BlackElo "2023"]
[PlyCount "103"]
[EventDate "2008.10.18"]

1. e4 d5 2. exd5 Qxd5 3. Nc3 Qd6 4. g3 Nf6 5. Bg2 Bg4 6. Nge2 Nc6 7. h3 Bh5 8.
d3 e6 9. O-O a6 10. Bf4 Qd7 11. Qd2 Be7 12. a3 O-O 13. b4 Rfd8 14. Rab1 Rab8
15. Rfe1 b5 16. g4 Bg6 17. Bg3 a5 18. bxa5 Nxa5 19. Na2 Nc4 20. Qc3 Nxa3 21.
Rb3 b4 22. Qxc7 Rbc8 23. Qxd7 Nxd7 24. Bb7 Rxc2 25. Nxb4 Bxb4 26. Rxb4 Bxd3 27.
Nf4 Nc5 28. Rd1 g5 29. Nxd3 Rxd3 30. Rxd3 Nxd3 31. Rd4 Nc5 32. Bf3 Nb5 33. Rb4
Na3 34. Bd6 Rc1+ 35. Kg2 Kg7 36. Rb8 Rc2 37. Rc8 Nd3 38. Bf8+ Kf6 39. Rxc2 Nxc2
40. Be4 Nf4+ 41. Kh2 Ng6 42. Bc5 Ne1 43. Bb4 Ke5 44. Bxg6 Nf3+ 45. Kg3 hxg6 46.
Kxf3 f5 47. Bc3+ Kd5 48. Bf6 e5 49. Bxg5 fxg4+ 50. hxg4 Kd4 51. Bf6 Kd5 52. Ke3
1-0

[Event "XXX Festival A"]
[Site "Arco ITA"]
[Date "2008.10.24"]
[Round "7"]
[White "Del Nevo, Claudio"]
[Black "Garonzi, Martino"]
[Result "0-1"]
[WhiteElo "1898"]
[BlackElo "2008"]
[PlyCount "56"]
[EventDate "2008.10.18"]

1. d4 Nf6 2. Nf3 d6 3. Bg5 g6 4. Bxf6 exf6 5. e3 Bg7 6. Bd3 O-O 7. c3 Nd7 8.
Qc2 Re8 9. Nbd2 f5 10. h4 Nf6 11. O-O-O Bd7 12. e4 fxe4 13. Nxe4 Bh6+ 14. Kb1
Nxe4 15. Bxe4 Rxe4 16. Ka1 Qe7 17. Qb3 b5 18. Ng5 Re2 19. f4 Re8 20. a3 a5 21.
h5 Bxg5 22. fxg5 Qxg5 23. hxg6 hxg6 24. Rhf1 d5 25. Rh1 Rf2 26. Rde1 Ree2 27.
Rxe2 Rxe2 28. Qd1 Qd2 0-1

[Event "XXX Festival A"]
[Site "Arco ITA"]
[Date "2008.10.24"]
[Round "7"]
[White "Ferrari, Michele"]
[Black "Moratto, Davide"]
[Result "1-0"]
[WhiteElo "1825"]
[BlackElo "1860"]
[PlyCount "173"]
[EventDate "2008.10.18"]

1. d4 Nf6 2. Bg5 e6 3. Nd2 c5 4. e3 b6 5. f4 Bb7 6. Ngf3 Be7 7. Bd3 d6 8. O-O
Nbd7 9. c3 O-O 10. Qe1 Rc8 11. Qg3 Nh5 12. Qh4 Bxg5 13. Nxg5 g6 14. g4 Nhf6 15.
e4 Kg7 16. e5 Nh5 17. gxh5 h6 18. Ngf3 Qxh4 19. Nxh4 dxe5 20. fxe5 gxh5 21. Kf2
Kh8 22. Rg1 Rg8 23. Rxg8+ Rxg8 24. Rg1 Rd8 25. Ke3 f5 26. exf6 Nxf6 27. h3
cxd4+ 28. cxd4 Nd5+ 29. Kf2 Nf4 30. Ke3 Nd5+ 31. Kf2 Nf4 32. Ng6+ Nxg6 33. Rxg6
Rxd4 34. Ke3 e5 35. Rxh6+ Kg8 36. Rxh5 Ra4 37. Bc4+ Kg7 38. Rxe5 Kh6 39. a3 Bc8
40. h4 a6 41. h5 b5 42. Bf7 Rh4 43. Rc5 Bb7 44. Bg6 b4 45. axb4 Rxb4 46. b3 Rh4
47. Rc7 Bd5 48. Nf3 Bxf3 49. Kxf3 Rb4 50. Bf7 a5 51. Ra7 Rb5 52. Kg4 Rb4+ 53.
Kf5 Rb5+ 54. Kf6 Rb6+ 55. Ke7 Rb5 56. Kd6 Rf5 57. Bg6 Rb5 58. Bf7 Rf5 59. Kc6
Kg5 60. Kb6 Kh6 61. Bg6 Rf3 62. Rxa5 Rxb3+ 63. Kc6 Re3 64. Kd6 Re1 65. Re5 Ra1
66. Ke6 Ra6+ 67. Kf5 Ra1 68. Kf6 Ra6+ 69. Re6 Ra7 70. Bf7 Ra1 71. Ke7+ Kh7 72.
Kf8 Ra8+ 73. Re8 Ra1 74. Bg6+ Kh6 75. Re7 Rf1+ 76. Kg8 Ra1 77. Rh7+ Kg5 78. Kg7
Ra7+ 79. Bf7 Rb7 80. Rh8 Rb2 81. h6 Kf5 82. Bg6+ Kg5 83. h7 Rb7+ 84. Bf7 Kf5
85. Ra8 Rb2 86. h8=Q Rg2+ 87. Kf8 1-0

[Event "XXX Festival A"]
[Site "Arco ITA"]
[Date "2008.10.24"]
[Round "7"]
[White "Fragni, Enrico"]
[Black "Kopischke, Maik"]
[Result "1-0"]
[WhiteElo "1784"]
[BlackElo "1930"]
[PlyCount "57"]
[EventDate "2008.10.18"]

1. c4 e5 2. Nc3 Nf6 3. Nf3 Nc6 4. e3 Bb4 5. Be2 O-O 6. O-O a6 7. d4 e4 8. Nd2
Bxc3 9. bxc3 d5 10. f4 Ne7 11. Ba3 Re8 12. Bxe7 Rxe7 13. a4 c6 14. a5 Rb8 15.
c5 g6 16. g4 h6 17. Kh1 Nh7 18. Rg1 Kh8 19. Qe1 f6 20. Qh4 Qf8 21. Raf1 Be6 22.
Rg3 f5 23. gxf5 Bxf5 24. Bg4 Bxg4 25. Rxg4 g5 26. fxg5 Rf7 27. Rxf7 Qxf7 28. g6
Qf5 29. gxh7 1-0

[Event "XXX Festival A"]
[Site "Arco ITA"]
[Date "2008.10.24"]
[Round "7"]
[White "Galas, Franco"]
[Black "Cavatorta, Ivan"]
[Result "1-0"]
[WhiteElo "1541"]
[BlackElo "1868"]
[PlyCount "69"]
[EventDate "2008.10.18"]

1. d4 e6 2. Nf3 Nf6 3. e3 c5 4. c3 Nc6 5. Bd3 cxd4 6. exd4 Qc7 7. O-O Be7 8.
Re1 d6 9. Nbd2 b6 10. Qc2 O-O 11. Ne4 g6 12. Qd2 Nxe4 13. Bxe4 f5 14. Bxc6 Qxc6
15. Qh6 Bf6 16. Bg5 Bg7 17. Qh4 Re8 18. Re2 Bb7 19. Rae1 e5 20. dxe5 dxe5 21.
Qh3 Qd7 22. Rd2 Qc6 23. Red1 e4 24. Nd4 Qd7 25. Nb3 Qb5 26. Nd4 Qd7 27. Bh6
Bxh6 28. Qxh6 e3 29. fxe3 Qd5 30. Nf3 Qe4 31. Kf2 Bc6 32. Rd4 Qe6 33. a3 Rac8
34. R1d3 Be4 35. Ng5 1-0

[Event "XXX Festival A"]
[Site "Arco ITA"]
[Date "2008.10.24"]
[Round "7"]
[White "Giaracuni, Claudio"]
[Black "Bonini, Roberto"]
[Result "1/2-1/2"]
[WhiteElo "1780"]
[BlackElo "1843"]
[PlyCount "77"]
[EventDate "2008.10.18"]

1. c4 Nf6 2. Nc3 g6 3. Nf3 Bg7 4. g3 e6 5. Bg2 O-O 6. O-O Nc6 7. d4 d5 8. cxd5
exd5 9. Bg5 h6 10. Bxf6 Bxf6 11. Qb3 Ne7 12. Rad1 c6 13. e4 dxe4 14. Nxe4 Nd5
15. Nxf6+ Qxf6 16. Ne5 Rd8 17. Rfe1 Nb6 18. d5 cxd5 19. Bxd5 Nxd5 20. Rxd5 Be6
21. Rxd8+ Rxd8 22. Qxb7 Bxa2 23. Qxa7 Rd2 24. Nxg6 Qxg6 25. Qxa2 Qb6 26. Qa8+
Kg7 27. Qf3 Rxb2 28. Qg4+ Qg6 29. Qd4+ Qf6 30. Qxf6+ Kxf6 31. Re4 Ra2 32. Rh4
Kg5 33. f4+ Kg6 34. Rg4+ Kf5 35. Rg8 Kf6 36. g4 h5 37. gxh5 Ra5 38. Rg5 Rxg5+
39. fxg5+ 1/2-1/2

[Event "XXX Festival A"]
[Site "Arco ITA"]
[Date "2008.10.24"]
[Round "7"]
[White "Giuriato, Sergio"]
[Black "Weinberg, Emanuele"]
[Result "1/2-1/2"]
[WhiteElo "1967"]
[BlackElo "1861"]
[PlyCount "54"]
[EventDate "2008.10.18"]

1. Nf3 e6 2. c4 Nf6 3. g3 b6 4. Bg2 Bb7 5. O-O Be7 6. d4 O-O 7. Nc3 d5 8. cxd5
Nxd5 9. Re1 Nxc3 10. bxc3 c5 11. e4 Re8 12. h4 cxd4 13. cxd4 Nd7 14. Ng5 h6 15.
Nf3 Nf6 16. Ne5 Bb4 17. Re3 Rc8 18. Bb2 Re7 19. a3 Ba5 20. Ng4 Rec7 21. d5 Bc3
22. Bxc3 Rxc3 23. Nxf6+ Qxf6 24. Rxc3 Qxc3 25. dxe6 fxe6 26. Bh3 Qf6 27. Ra2
Rd8 1/2-1/2

[Event "XXX Festival A"]
[Site "Arco ITA"]
[Date "2008.10.24"]
[Round "7"]
[White "Grant, Jonathan I.M."]
[Black "Tratar, Marko"]
[Result "1/2-1/2"]
[WhiteElo "2246"]
[BlackElo "2507"]
[PlyCount "110"]
[EventDate "2008.10.18"]

1. c4 b6 2. d4 Bb7 3. d5 e6 4. a3 f5 5. g3 b5 6. Bg2 bxc4 7. Nc3 Nf6 8. Nh3 Bc5
9. O-O O-O 10. Bg5 e5 11. d6 Bxg2 12. Kxg2 Kh8 13. Bxf6 Qxf6 14. dxc7 Qc6+ 15.
Qd5 Na6 16. Qxc6 dxc6 17. Na4 Be7 18. Rac1 Rac8 19. Rxc4 Rxc7 20. Rfc1 Nb8 21.
f3 Rd7 22. Nf2 Rd2 23. Kf1 Rd5 24. Ke1 Kg8 25. Nd3 Re8 26. b4 a5 27. Nac5 axb4
28. axb4 Bg5 29. Ra1 Be3 30. Ra8 Kf7 31. g4 g6 32. Ra7+ Re7 33. Rxe7+ Kxe7 34.
gxf5 gxf5 35. Rh4 h6 36. f4 e4 37. Rxh6 Nd7 38. Rh7+ Ke8 39. Nxd7 Rxd7 40. Rh8+
Ke7 41. Ne5 Rd5 42. Rh7+ Kf6 43. Nc4 Bxf4 44. e3 Kg6 45. Rh8 Bc7 46. Rc8 Bxh2
47. Rxc6+ Kg5 48. Rc5 Rxc5 49. bxc5 Kf6 50. Na5 Ke6 51. Nc6 Bc7 52. Nd4+ Ke5
53. Nb5 Ba5+ 54. Ke2 Kd5 55. Nd6 Kxc5 1/2-1/2

[Event "XXX Festival A"]
[Site "Arco ITA"]
[Date "2008.10.24"]
[Round "7"]
[White "Grigore, George-Gabriel"]
[Black "Dittmar, Peter"]
[Result "1-0"]
[WhiteElo "2519"]
[BlackElo "2357"]
[PlyCount "73"]
[EventDate "2008.10.18"]

1. d4 Nf6 2. c4 e6 3. Nc3 Bb4 4. Qc2 Nc6 5. Nf3 O-O 6. Bd2 a5 7. a3 Bxc3 8.
Bxc3 a4 9. e4 d6 10. Bd3 h6 11. e5 dxe5 12. dxe5 Nd7 13. Bh7+ Kh8 14. Be4 Na5
15. Qe2 Nb3 16. Rd1 Qe7 17. Bb4 Ndc5 18. Qe3 Rb8 19. Nd2 b6 20. Nxb3 axb3 21.
Bxc5 Qxc5 22. Qxc5 bxc5 23. Ke2 Ba6 24. Kd3 f6 25. Kc3 fxe5 26. f3 Rfd8 27.
Rxd8+ Rxd8 28. Re1 Rd4 29. Bd3 e4 30. Rxe4 Rxe4 31. Bxe4 g5 32. Kxb3 Kg7 33.
Kc3 Kf6 34. b4 cxb4+ 35. axb4 Bc8 36. b5 Bd7 37. Kb4 1-0

[Event "XXX Festival A"]
[Site "Arco ITA"]
[Date "2008.10.24"]
[Round "7"]
[White "Henrichsen, Jens"]
[Black "Cottarelli, Franco"]
[Result "1/2-1/2"]
[WhiteElo "1987"]
[BlackElo "1899"]
[PlyCount "43"]
[EventDate "2008.10.18"]

1. d4 f5 2. g3 Nf6 3. Bg2 g6 4. c3 Bg7 5. Qb3 c6 6. Nh3 Qb6 7. Nd2 Na6 8. Qxb6
axb6 9. Nc4 b5 10. Nb6 Rb8 11. a4 bxa4 12. Rxa4 O-O 13. O-O Nc7 14. Bf4 d6 15.
Rfa1 Be6 16. Ng5 h6 17. Nxe6 Nxe6 18. Bd2 Rfd8 19. b4 Ne4 20. Bxe4 fxe4 21. d5
Nc7 22. Ra5 1/2-1/2

[Event "XXX Festival A"]
[Site "Arco ITA"]
[Date "2008.10.24"]
[Round "7"]
[White "Llaneza Vega, Marcos"]
[Black "Larino Nieto, David"]
[Result "1/2-1/2"]
[WhiteElo "2485"]
[BlackElo "2469"]
[PlyCount "21"]
[EventDate "2008.10.18"]

1. e4 e6 2. d4 d5 3. Nc3 Nf6 4. Bg5 Be7 5. exd5 Nxd5 6. Bxe7 Qxe7 7. Bb5+ Bd7
8. Bxd7+ Nxd7 9. Nxd5 exd5+ 10. Qe2 Qxe2+ 11. Nxe2 1/2-1/2

[Event "XXX Festival A"]
[Site "Arco ITA"]
[Date "2008.10.24"]
[Round "7"]
[White "Marino, Francesco V."]
[Black "Casagrande, Fabio"]
[Result "1/2-1/2"]
[WhiteElo "1686"]
[BlackElo "2017"]
[PlyCount "37"]
[EventDate "2008.10.18"]

1. c4 c5 2. Nc3 Nf6 3. g3 g6 4. Bg2 Bg7 5. Nf3 O-O 6. O-O Nc6 7. d3 e6 8. Rb1
d5 9. cxd5 exd5 10. a3 d4 11. Ne4 Qe7 12. Qc2 Re8 13. Re1 Bf8 14. Bg5 Bg4 15.
Nxc5 Qxc5 16. Qxc5 Bxc5 17. Bxf6 Re6 18. b4 Bb6 19. Bg5 1/2-1/2

[Event "XXX Festival A"]
[Site "Arco ITA"]
[Date "2008.10.24"]
[Round "7"]
[White "Moro, Roberto"]
[Black "Vanzan, Alessandro"]
[Result "0-1"]
[WhiteElo "1866"]
[BlackElo "1805"]
[PlyCount "54"]
[EventDate "2008.10.18"]

1. e4 c5 2. Nc3 d6 3. Bc4 Nc6 4. a4 Nf6 5. h3 g6 6. f4 e6 7. Nf3 Bg7 8. O-O O-O
9. d3 a6 10. e5 dxe5 11. fxe5 Nd7 12. Bf4 Ncxe5 13. Bb3 Nxf3+ 14. Qxf3 Ne5 15.
Qg3 Nc6 16. Bd6 Bd4+ 17. Kh1 Re8 18. Bf4 Qd7 19. Bg5 Ne7 20. Qf4 Nf5 21. Ne4 b6
22. g4 Bb7 23. gxf5 exf5 24. c3 Be5 25. Qh4 Qxd3 26. Rad1 Bxe4+ 27. Qxe4 Qxh3+
0-1

[Event "XXX Festival A"]
[Site "Arco ITA"]
[Date "2008.10.24"]
[Round "7"]
[White "Nicolodi, Raoul"]
[Black "Bondielli, Giorgio"]
[Result "1-0"]
[WhiteElo "1825"]
[BlackElo "1954"]
[PlyCount "33"]
[EventDate "2008.10.18"]

1. Nf3 f5 2. c4 Nf6 3. g3 g6 4. Bg2 Bg7 5. Nc3 d6 6. d3 O-O 7. O-O c6 8. Rb1 a5
9. a3 Nh5 10. e3 e5 11. b4 e4 12. Nd4 d5 13. Qb3 Nf6 14. cxd5 cxd5 15. dxe4
fxe4 16. Nxe4 Kh8 17. Nxf6 1-0